000 00592nam a2200241Ia 4500
003 OSt
005 20221005133243.0
006 a|||||r|||| 00| 0
007 ta
008 221004b |||||||| |||| 00| 0 mal d
024 _a46541
037 _cTextual
040 _aCRL
_cCRL
_bmal
041 _2mal
_amal
082 _aO32,3M18,1, J9
100 _aBronte
_956502
245 0 _aWathering heights
260 _c1959
300 _a266p.
_ccm.
650 _aMALAYALAM LITERATURE
_938866
942 _hO32,3M18,1, J9
_cTEXL
_2cc
999 _c1066262
_d1066262